| 000 | 00423cam a2200181ua 4500 | ||
|---|---|---|---|
| 020 | _c8.6 sh | ||
| 041 |
_aeng _h |
||
| 082 |
_a420 _bWRE/EN |
||
| 100 | _aWrenn, C L . | ||
| 245 |
_aEnglish language / _cC L Wrenn. _hTextual Documents |
||
| 250 |
_a1 / _b. |
||
| 260 |
_aLondon : _bMethuen and Co. Ltd , _c1966. |
||
| 300 | _a286 ; . | ||
| 365 | _a8.6 sh | ||
| 504 | _a | ||
| 942 | _cBK | ||
| 999 |
_c12219 _d12219 |
||